000 00642ntm a2200229 i 4500
003 DO-SdBNP
005 20250204073953.0
007 ta
008 230606b1959 dr ||||| |||| 00| 0 spa d
040 _aDO-SdBNP
_bspa
_cBNPHU
_erda
082 4 _222
100 1 _aLebrón Saviñon, Mariano
_d1922-2014
_97227
245 1 0 _aTeatro /
_cMariano Lebrón Saviñón
264 1 _aSanto Domingo :
_bs.n.,
_c1959.
300 _a418 páginas ;
_c24 cm.
336 _2rdacontent
_atexto
_btxt
337 _2rdamedia
_asin mediación
_bn
338 _2rdacarrier
_avolumen
_bnc
590 _aInventariado, 2023/BT
910 _aBtavárez
942 _2ddc
_cLFM
999 _c53734
_d53734